00685nam a2200193 a 450000100100000000500170001000800410002702000150006804000250008308200150010810000320012324500530015526000780020830000270028650400390031304900090035295201130036199900170047400001633320200929164357.0100303s1995 dr a 001 0 spa d a0929441702 aDO-SdBNPbspacBNPHU axxxbV181c1 aValle Rivera, Rafael93644010aCómo combatir la vejez /cRafael Valle Rivera. aSan Juan (Puerto Rico) :bPublicaciones PuertorriqueñafCorripioc1995. a93 p. :bil. ;c22 cm. aIncluye bibliografías [p. 90-93] aBNPD 0010718PDaPDbPDcCTd2010-03-03iLF1l0oxxx V181cp16333-10r2020-06-25w2020-06-25yLFPDZNo se presta c15868d15868